00321nam a2200109Ia 4500008004100000245004000041245001600081260000900097650001300106999001900119952007300138171211s9999 xx 000 0 und d 2aA Guide To Modern U.s. Army Weapons cV.M. DeMola c2012 xMilitary c348341d348341 001040aCLbCLd2017-12-11l0r2017-12-11 00:00:00w2017-12-11yCBE